Introducción a la estética
Sparad:
| Huvudupphovsman: | |
|---|---|
| Materialtyp: | Bok |
| Språk: | spanska |
| Publicerad: |
Ciudad de México
Fondo de Cultura Económica
1983
|
| Serie: | Breviarios del Fondo de Cultura Económica, 39
|
| Ämnen: | |
| Taggar: |
Lägg till en tagg
Inga taggar, Lägg till första taggen!
|
MARC
| LEADER | 00000nam a2200000 a 4500 | ||
|---|---|---|---|
| 001 | UCX2420 | ||
| 003 | CL-VaPUC | ||
| 008 | 910513e19830000MX |||||||||||||||||spa|d | ||
| 082 | 0 | 4 | |a 111.85 |b CAR |2 21 |
| 100 | 0 | |a Carritt, E. F |e author |9 318351 | |
| 245 | 1 | 0 | |a Introducción a la estética |
| 300 | |a 195 p | ||
| 942 | |c BK | ||
| 945 | |d 19910513 00:00:00 | ||
| 260 | |a Ciudad de México |b Fondo de Cultura Económica |c 1983 | ||
| 650 | 0 | |a Estética |9 264950 | |
| 650 | 0 | |a Estética literaria |9 314715 | |
| 650 | 0 | |a Filosofía del arte |9 264951 | |
| 583 | |a last modification |c 19910513 00:00:00 |k Rodrigo Vera | ||
| 490 | 0 | |a Breviarios del Fondo de Cultura Económica, 39 | |
| 999 | |c 223447 |d 223445 | ||
| 952 | |0 0 |1 0 |4 0 |6 111_850000000000000_CAR_1983 |7 0 |8 ? |9 219228 |a BIBEDU |b BIBEDU |d 2019-11-15 |i 2879980 |o 111.85 CAR 1983 |p 2879980 |r 2019-11-15 |w 2019-11-15 |y BK |k LIT | ||